| 000 | 00983nam a22002657a 4500 | ||
|---|---|---|---|
| 999 |
_c30972 _d30971 |
||
| 003 | OSt | ||
| 005 | 20200213151338.0 | ||
| 008 | 181004b ||||| |||| 00| 0 eng d | ||
| 020 | _a1593080204 | ||
| 040 |
_aMMU _cMMU _beng |
||
| 050 | 0 | 0 |
_aPR4034 _b.P7 2003c |
| 100 | 1 | _aAusten, Jane, | |
| 245 | 1 | 0 |
_aPride and prejudice / _cJane Austen |
| 260 |
_aNew York : _bBarnes & Noble Classics, _cc2003. |
||
| 300 |
_axxxvi, 376 p. ; _c18 cm. |
||
| 440 | 0 | _aBarnes & Noble classics | |
| 504 | _aIncludes bibliographical references (p. [375]-376). | ||
| 650 | 0 | _aSocial classes | |
| 655 | 7 |
_aDomestic fiction. _2lcsh |
|
| 655 | 7 |
_aLove stories. _2gsafd |
|
| 856 | 4 | 2 |
_3Publisher description _uhttp://www.loc.gov/catdir/description/ste051/2003102755.html |
| 856 | 4 | 2 |
_3Contributor biographical information _uhttp://www.loc.gov/catdir/enhancements/fy0709/2003102755-b.html |
| 856 | 4 | 1 |
_3Sample text _uhttp://www.loc.gov/catdir/enhancements/fy0709/2003102755-s.html |
| 942 |
_2lcc _cFICTION |
||